Mit Bahn erreichbare Städte ab Berlin HBF - Statistiken

Allgemein
  • Dieses Quiz wurde 168 mal gespielt
  • Das Durchschnittsergebnis liegt bei 70 aus 187
Antwortstatistiken
Stadt % Korrekt
Burg (b. Magdeburg)
98%
Hamburg
91%
Frankfurt a. d. Oder
90%
Frankfurt am Main
90%
München
88%
Hannover
86%
Köln
85%
Dresden
84%
Nürnberg
83%
Stuttgart
83%
Kiel
81%
Leipzig
81%
Bremen
79%
Erfurt
79%
Rostock
79%
Aachen
77%
Dortmund
77%
Potsdam
77%
Augsburg
76%
Wolfsburg
76%
Magdeburg
75%
Braunschweig
74%
Cottbus
74%
Düsseldorf
74%
Warschau (Warszawa)
73%
Halle (Saale)
72%
Essen
71%
Freiburg
71%
Karlsruhe
70%
Kassel
70%
Prag (Praha)
70%
Amsterdam
69%
Jena
69%
Mannheim
69%
Wien
69%
Paris
68%
Schwerin
68%
Bochum
66%
Bonn
66%
Duisburg
66%
Mainz
66%
Bielefeld
64%
Chemnitz
63%
Basel
62%
Bern
62%
Ulm
61%
Zürich
61%
Brandenburg (Havel)
60%
Osnabrück
60%
Ingolstadt
59%
Münster
59%
Flensburg
57%
Saarbrücken
56%
Würzburg
56%
Stralsund
55%
Wuppertal
55%
Hamm
54%
Koblenz
54%
Göttingen
53%
Regensburg
53%
Brüssel (Bruxelles)
51%
Darmstadt
50%
Fulda
50%
Heidelberg
50%
Kopenhagen
50%
Bamberg
47%
Hagen
46%
Oldenburg
46%
Greifswald
45%
Hanau
45%
Krakau (Krakow)
44%
Hildesheim
43%
Oranienburg
42%
Dessau-Roßlau
40%
Erlangen
40%
Innsbruck
40%
Stendal
40%
Weimar
40%
Baden-Baden
39%
Breslau (Wroclaw)
39%
Danzig (Gdansk)
39%
Rotterdam
39%
Neubrandenburg
38%
Kaiserslautern
37%
Budapest
36%
Eisenach
36%
Graz
36%
Linz
36%
Offenburg
36%
Passau
36%
Straßburg (Strasbourg)
36%
Stockholm
35%
Wismar
35%
Wittenberge
35%
Bernau (b. Berlin)
33%
Lüneburg
32%
Posen (Poznan)
32%
Bratislava
31%
Brünn (Brno)
31%
Eberswalde
31%
Emden
31%
Gotha
31%
Königs Wusterhausen
31%
Minden
31%
Neumünster
31%
Coburg
30%
Gütersloh
29%
Bitterfeld
26%
Fürstenwalde (Spree)
24%
Lübben/Spreewald
24%
Erkner
23%
Waren
23%
Eisenhüttenstadt
22%
Neustrelitz
22%
Interlaken
21%
Kattowitz (Katowice)
21%
Lübbenau/Spreewald
21%
Nauen
21%
St. Pölten
20%
Bergen auf Rügen
19%
Lutherstadt Wittenberg
19%
Malmö (Malmø)
19%
Schwedt (Oder)
19%
Elsterwerda
18%
Falkensee
18%
Ludwigsfelde
17%
Recklinghausen
17%
Werder (Havel)
17%
Angermünde
16%
Antwerpen
16%
Rathenow
16%
Güstrow
15%
Senftenberg
15%
Uelzen
15%
Anklam
14%
Bad Bentheim
14%
Goslar
14%
Halberstadt
14%
Prenzlau
14%
Herford
13%
Jüterbog
12%
Lindau
11%
Quedlinburg
11%
Rheine
11%
Wernigerode
11%
Finsterwalde (Niederlausitz)
10%
Pasewalk
10%
Amersfoort
9%
Bregenz
9%
Bruck/Mur
9%
Odense
9%
Tübingen
9%
Wels
9%
Aussig an der Elbe (Usti nad Labem)
8%
Blankenfelde-Mahlow
8%
Bromberg (Bydogoszcz)
8%
Hengelo
8%
Tetschen-Bodenbach (Decin)
8%
Bad Belzig
7%
Gdingen (Gdynia)
7%
Grünberg (Zielona Gora)
7%
Wiener Neustadt
7%
Ostseebad Binz
6%
Przemysl
4%
Schwiebus (Swiebodzin)
4%
Apeldoorn
3%
Bünde
3%
Deventer
3%
Pardubitz (Pardubice)
3%
Böhmisch Trübau (Ceska Trebova)
2%
Glogau (Glogow)
2%
Hilversum
2%
Kapfenberg
2%
Kolin
2%
Lundenburg (Breclav)
2%
Mürzzuschlag
2%
Freistadt (Nagymaros)
1%
Linköping
1%
Lund
1%
Neuhäusel (Nove Zamky)
1%
Norrköping
1%
Waitzen (Vac)
1%
Gockern (Sturovo)
0%
Nässjö
0%
Keine übereinstimmenden Quizze gefunden
Verteilung der Resultate
Anzahl Personen mit jedem Resultat
Perzentil nach korrekt beantworteten Fragen
Ihre Resultats-Entwicklung
Sie haben dieses Quiz noch nicht gespielt